[Event "nurmalso  C50e ital hungary defence"]
[Site "SchemingMind.com"]
[Date "2017.06.12"]
[Round "-"]
[White "Scooter"]
[Black "frankly"]
[Result "0-1"]
[WhiteCountry "USA"]
[BlackCountry "ENG"]
[WhiteElo "1739"]
[WhiteRD "53"]
[BlackElo "2527"]
[BlackRD "58"]
[GameID "414988"]

1. e4 e5 2. Nf3 Nc6 3. Bc4 Be7 4. O-O Nf6 5. d3 O-O 6. Bg5 d6 7. Nbd2 h6 8. Bxf6 Bxf6 9. a3 Ne7 10. Ba2 c6
11. Re1 Ng6 12. Nb3 Bg4 13. Nbd2 Bg5 14. h3 Bxd2 15. Qxd2 Bxf3 16. gxf3 Nf4
0-1

[Event "nurmalso  C50e ital hungary defence"]
[Site "SchemingMind.com"]
[Date "2017.06.12"]
[Round "-"]
[White "frankly"]
[Black "Scooter"]
[Result "1-0"]
[WhiteCountry "ENG"]
[BlackCountry "USA"]
[WhiteElo "2527"]
[WhiteRD "58"]
[BlackElo "1739"]
[BlackRD "53"]
[GameID "414989"]

1. e4 e5 2. Nf3 Nc6 3. Bc4 Be7 4. d4 exd4 5. c3 h6 6. Qb3 Na5 7. Bxf7+ Kf8 8. Qd1 dxc3 9. Nxc3 Nc6 10. Bb3 d6
11. O-O Bg4 12. Nd5 Nf6 13. Nf4 Ke8 14. h3 Bxf3 15. Qxf3 Ne5 16. Qe2 g5 17. Ne6 Qd7 18. f4 gxf4 19. Bxf4 Nf7 20. e5
1-0

[Event "nurmalso  C50e ital hungary defence"]
[Site "SchemingMind.com"]
[Date "2017.07.03"]
[Round "-"]
[White "Scooter"]
[Black "Wojtek26"]
[Result "0-1"]
[WhiteCountry "USA"]
[BlackCountry "POL"]
[WhiteElo "1711"]
[WhiteRD "52"]
[BlackElo "1596"]
[BlackRD "45"]
[GameID "415888"]

1. e4 e5 2. Nf3 Nc6 3. Bc4 Be7 4. d3 Nf6 5. O-O O-O 6. Bg5 h6 7. Bxf6 Bxf6 8. Nbd2 d6 9. a3 Bg4 10. h3 Bh5
11. Qc1 Nd4 12. Nxd4 exd4 13. Nb3 b6 14. Bd5 Rc8 15. Bc6 g5 16. g4 Bg6 17. Qd2 Bg7 18. Qb4 Qf6 19. a4 Qf3 20. Nxd4 Qxh3
21. Bd7 c5 22. Bxc8 cxb4
0-1

[Event "nurmalso  C50e ital hungary defence"]
[Site "SchemingMind.com"]
[Date "2017.07.02"]
[Round "-"]
[White "Wojtek26"]
[Black "Scooter"]
[Result "1-0"]
[WhiteCountry "POL"]
[BlackCountry "USA"]
[WhiteElo "1608"]
[WhiteRD "51"]
[BlackElo "1732"]
[BlackRD "51"]
[GameID "415889"]

1. e4 e5 2. Nf3 Nc6 3. Bc4 Be7 4. Nc3 f6 5. d4 exd4 6. Nxd4 Nxd4 7. Qxd4 Bb4 8. Bd2 Bxc3 9. Bxc3 Ne7 10. O-O-O b6
11. e5 Nc6 12. Qd5 fxe5 13. Bxe5 Qg5+ 14. f4 Qg6 15. Rde1 Kd8 16. Bd3 Qg4 17. h3 Qh4 18. Bxg7 Qxf4+ 19. Kb1
1-0

[Event "nurmalso  C50e ital hungary defence"]
[Site "SchemingMind.com"]
[Date "2017.07.07"]
[Round "-"]
[White "frankly"]
[Black "Wojtek26"]
[Result "1-0"]
[WhiteCountry "ENG"]
[BlackCountry "POL"]
[WhiteElo "2543"]
[WhiteRD "62"]
[BlackElo "1608"]
[BlackRD "51"]
[GameID "415890"]

1. e4 e5 2. Nf3 Nc6 3. Bc4 Be7 4. d4 exd4 5. Nxd4 Nxd4 6. Qxd4 Bf6 7. e5 Qe7 8. f4 c5 9. Qe3 g6 10. Nc3 Bg7
11. Nd5 Qd8 12. Qxc5 Qh4+ 13. g3 Qg4 14. Nc7+ Kd8 15. Nxa8 b6 16. Qc7+
1-0

[Event "nurmalso  C50e ital hungary defence"]
[Site "SchemingMind.com"]
[Date "2017.07.06"]
[Round "-"]
[White "Wojtek26"]
[Black "frankly"]
[Result "0-1"]
[WhiteCountry "POL"]
[BlackCountry "ENG"]
[WhiteElo "1596"]
[WhiteRD "45"]
[BlackElo "2533"]
[BlackRD "59"]
[GameID "415891"]

1. e4 e5 2. Nf3 Nc6 3. Bc4 Be7 4. Nc3 Nf6 5. d3 d6 6. O-O O-O 7. a3 Bg4 8. h3 Bxf3 9. Qxf3 Nd4 10. Qd1 c6
11. Ne2 Ne6 12. b4 a5 13. bxa5 Qxa5 14. f4 Nxf4 15. Nxf4 exf4 16. Bxf4 Nxe4 17. dxe4 Qc5+ 18. Kh1 Qxc4 19. Rb1 b5 20. Bxd6 Rfd8
21. e5 Rxa3 22. Qc1 Ra7 23. Rb4 Qe6 24. Bxe7 Rxe7 25. Qa3 Qxe5 26. Rbb1 h6 27. Rfe1 Qxe1+ 28. Rxe1 Rxe1+ 29. Kh2 Re2 30. Qa5 Rdd2
31. Qa8+ Kh7 32. Qxc6 Rxg2+ 33. Kh1 Rge2
0-1

[Event "nurmalso  C50e ital hungary defence"]
[Site "SchemingMind.com"]
[Date "2017.08.10"]
[Round "-"]
[White "Scooter"]
[Black "ray winteringham"]
[Result "1-0"]
[WhiteCountry "USA"]
[BlackCountry "ENG"]
[WhiteElo "1711"]
[WhiteRD "52"]
[BlackElo "1468"]
[BlackRD "51"]
[GameID "417215"]

1. e4 e5 2. Nf3 Nc6 3. Bc4 Be7 4. Nc3 d6 5. O-O f5 6. d3 f4 7. d4 Bf6 8. dxe5 Bxe5 9. Nd5 Nge7 10. Nxe5 dxe5
11. Qh5+ g6 12. Nf6+ Kf8 13. Qh6#
1-0

[Event "nurmalso  C50e ital hungary defence"]
[Site "SchemingMind.com"]
[Date "2017.08.10"]
[Round "-"]
[White "ray winteringham"]
[Black "Scooter"]
[Result "1-0"]
[WhiteCountry "ENG"]
[BlackCountry "USA"]
[WhiteElo "1468"]
[WhiteRD "51"]
[BlackElo "1711"]
[BlackRD "52"]
[GameID "417216"]

1. e4 e5 2. Nf3 Nc6 3. Bc4 Be7 4. d3 d6 5. Be3 Bg4 6. h3 Bxf3 7. Qxf3 Nf6 8. g4 Na5 9. Nd2 Nxc4 10. Nxc4 Qd7
11. O-O b6 12. Nd2 O-O-O 13. d4 h6 14. c3 exd4 15. e5 dxe3 16. Qa8#
1-0

[Event "nurmalso  C50e ital hungary defence"]
[Site "SchemingMind.com"]
[Date "2017.08.10"]
[Round "-"]
[White "ray winteringham"]
[Black "frankly"]
[Result "0-1"]
[WhiteCountry "ENG"]
[BlackCountry "ENG"]
[WhiteElo "1468"]
[WhiteRD "51"]
[BlackElo "2533"]
[BlackRD "59"]
[GameID "417217"]

1. e4 e5 2. Nf3 Nc6 3. Bc4 Be7 4. d3 Nf6 5. h3 O-O 6. Be3 d5 7. exd5 Nxd5 8. O-O Be6 9. Nbd2 Nxe3 10. fxe3 Qd7
11. a3 a6 12. Bb3 Bxb3 13. Nxb3 a5 14. Nbd2 Qe6 15. e4 a4 16. b3 axb3 17. cxb3 Bxa3 18. Ng5 Bc5+ 19. Kh1 Rxa1 20. Qxa1 Qd7
21. Nc4 f6 22. Nf3 Qxd3 23. Rb1 Qxe4 24. Qa2 Nb4 25. Qb2 Nd3 26. Ncd2 Qf4 27. Qc1 Nxc1
0-1

[Event "nurmalso  C50e ital hungary defence"]
[Site "SchemingMind.com"]
[Date "2017.08.10"]
[Round "-"]
[White "frankly"]
[Black "ray winteringham"]
[Result "1-0"]
[WhiteCountry "ENG"]
[BlackCountry "ENG"]
[WhiteElo "2533"]
[WhiteRD "59"]
[BlackElo "1468"]
[BlackRD "51"]
[GameID "417218"]

1. e4 e5 2. Nf3 Nc6 3. Bc4 Be7 4. d4 exd4 5. Nxd4 Nxd4 6. Qxd4 f6 7. Qd5 d6 8. Qf7+ Kd7 9. Qxg7 c5 10. Qxh8 Kc7
11. Qxg8 Bg4 12. Qxg4
1-0

[Event "nurmalso  C50e ital hungary defence"]
[Site "SchemingMind.com"]
[Date "2017.08.10"]
[Round "-"]
[White "ray winteringham"]
[Black "Wojtek26"]
[Result "0-1"]
[WhiteCountry "ENG"]
[BlackCountry "POL"]
[WhiteElo "1468"]
[WhiteRD "51"]
[BlackElo "1596"]
[BlackRD "45"]
[GameID "417219"]

1. e4 e5 2. Nf3 Nc6 3. Bc4 Be7 4. d3 Nf6 5. h3 O-O 6. Be3 h6 7. Nc3 d6 8. Bb3 a5 9. O-O Be6 10. Nd2 Na7
11. a3 b5 12. Bxe6 fxe6 13. f3 c6 14. f4 exf4 15. Bxf4 e5 16. Be3 Qd7 17. Qe2 Rf7 18. b4 a4 19. Qf2 Raf8 20. Qe2 Bd8
21. Rf3 Nc8 22. Nf1 Be7 23. Rg3 Kh8 24. Nd1 d5 25. exd5 Nxd5 26. Nb2 Bh4 27. Bxh6 Bxg3 28. Nxg3 gxh6 29. Qxe5+ Nf6 30. Nf5 Qe8
31. Qf4 Ng8 32. Qd4+ Rf6 33. g4 Qd8 34. Qc3 Nce7 35. Ng3 Nd5 36. Qd2 Rf2 37. Qxf2 Rxf2 38. Kxf2 Qf6+ 39. Nf5 Qxb2
0-1

[Event "nurmalso  C50e ital hungary defence"]
[Site "SchemingMind.com"]
[Date "2017.08.11"]
[Round "-"]
[White "Scooter"]
[Black "Pol MacGilla tSamhais"]
[Result "1-0"]
[WhiteCountry "USA"]
[BlackCountry "IRL"]
[WhiteElo "1711"]
[WhiteRD "52"]
[BlackElo "1140"]
[BlackRD "86"]
[GameID "417255"]

1. e4 e5 2. Nf3 Nc6 3. Bc4 Be7 4. O-O d6 5. d4 Nf6 6. dxe5 Nxe4 7. exd6 cxd6 8. Bxf7+ Kxf7 9. Qd5+ Ke8 10. Qxe4 g6
11. Bg5 Qb6 12. Re1 Qc7 13. Nc3 Rg8 14. Nd5 Qd7 15. Nf6+ Kd8 16. Nxd7 Bxd7 17. Bxe7+ Nxe7 18. Qxe7+ Kc7 19. Nd4
1-0

[Event "nurmalso  C50e ital hungary defence"]
[Site "SchemingMind.com"]
[Date "2017.08.11"]
[Round "-"]
[White "Pol MacGilla tSamhais"]
[Black "Scooter"]
[Result "0-1"]
[WhiteCountry "IRL"]
[BlackCountry "USA"]
[WhiteElo "1096"]
[WhiteRD "95"]
[BlackElo "1688"]
[BlackRD "56"]
[GameID "417256"]

1. e4 e5 2. Nf3 Nc6 3. Bc4 Be7 4. d4 exd4 5. c3 dxc3 6. Qd5 Nh6 7. Bxh6 O-O 8. Bxg7 Kxg7 9. Nxc3 Nb4 10. Qd2 b6
11. O-O Ba6 12. Bxa6 Nxa6 13. Ne5 d6 14. Nc6 Qd7 15. Qd5 Bf6 16. e5 Be7 17. Rae1 Rae8 18. Nb5 Nb8 19. Nbxa7 Nxc6 20. Nxc6 Qf5
21. Nd4 Qg6 22. Qb7 dxe5 23. Nc6 Bd6 24. Qa6 Ra8 25. Qc4 Rg8 26. Rd1 Rge8 27. Qc3 Rxa2 28. f4 Bc5+ 29. Kh1 Qxc6 30. Qg3+ Qg6
31. f5 Qxg3 32. hxg3 Rxb2 33. Rd7 Bd6 34. Rc1 Kf6
0-1

[Event "nurmalso  C50e ital hungary defence"]
[Site "SchemingMind.com"]
[Date "2017.08.11"]
[Round "-"]
[White "ray winteringham"]
[Black "Pol MacGilla tSamhais"]
[Result "1-0"]
[WhiteCountry "ENG"]
[BlackCountry "IRL"]
[WhiteElo "1535"]
[WhiteRD "53"]
[BlackElo "1133"]
[BlackRD "96"]
[GameID "417257"]

1. e4 e5 2. Nf3 Nc6 3. Bc4 Be7 4. d3 d6 5. O-O Nf6 6. Be3 O-O 7. Nbd2 a6 8. a4 Nb4 9. c3 Bg4 10. cxb4 d5
11. exd5 Nxd5 12. Qb3 c6 13. Nxe5 Bh5 14. Rae1 Bxb4 15. f4 f6 16. Nef3 Kh8 17. Bxd5 Qxd5 18. Qxd5 cxd5 19. Rc1 Bxf3 20. Nxf3 Rfd8
21. Nd4 Re8 22. Rf3 Rac8 23. Rcf1 g5 24. fxg5 fxg5 25. Bxg5 Rg8 26. Bf6+
1-0

[Event "nurmalso  C50e ital hungary defence"]
[Site "SchemingMind.com"]
[Date "2017.08.11"]
[Round "-"]
[White "Pol MacGilla tSamhais"]
[Black "ray winteringham"]
[Result "0-1"]
[WhiteCountry "IRL"]
[BlackCountry "ENG"]
[WhiteElo "1140"]
[WhiteRD "86"]
[BlackElo "1468"]
[BlackRD "51"]
[GameID "417258"]

1. e4 e5 2. Nf3 Nc6 3. Bc4 Be7 4. d4 exd4 5. c3 dxc3 6. Qd5 d6 7. Nxc3 Be6 8. Qh5 Bxc4 9. b3 Be6 10. O-O Nf6
11. Qg5 Nxe4 12. Qxg7 Bf6 13. Qh6 Nxc3 14. Rb1 Nxb1
0-1

[Event "nurmalso  C50e ital hungary defence"]
[Site "SchemingMind.com"]
[Date "2017.08.12"]
[Round "-"]
[White "Pol MacGilla tSamhais"]
[Black "frankly"]
[Result "0-1"]
[WhiteCountry "IRL"]
[BlackCountry "ENG"]
[WhiteElo "1133"]
[WhiteRD "96"]
[BlackElo "2526"]
[BlackRD "63"]
[GameID "417259"]

1. e4 e5 2. Nf3 Nc6 3. Bc4 Be7 4. O-O Nf6 5. d3 O-O 6. Re1 d6 7. Ng5 Bg4 8. f3 Bc8 9. f4 Bg4 10. Qd2 h6
11. Nxf7 Rxf7 12. Bxf7+ Kxf7 13. f5 d5 14. Nc3 dxe4 15. Nb5 exd3 16. cxd3 Bxf5 17. Re3 Bc5 18. d4 Nxd4 19. Nxd4 Qxd4 20. Qxd4 Bxd4
21. Kf1 Ne4 22. Rf3 Ke6 23. Rb1 Nd2+ 24. Bxd2 Bxb1
0-1

[Event "nurmalso  C50e ital hungary defence"]
[Site "SchemingMind.com"]
[Date "2017.08.11"]
[Round "-"]
[White "frankly"]
[Black "Pol MacGilla tSamhais"]
[Result "1-0"]
[WhiteCountry "ENG"]
[BlackCountry "IRL"]
[WhiteElo "2526"]
[WhiteRD "63"]
[BlackElo "1133"]
[BlackRD "96"]
[GameID "417260"]

1. e4 e5 2. Nf3 Nc6 3. Bc4 Be7 4. d4 d6 5. dxe5 dxe5 6. Qxd8+ Bxd8 7. Nc3 Nge7 8. Be3 O-O 9. O-O-O Ng6 10. h3 Be6
11. Bd5 Bxd5 12. exd5 Nb4 13. Bc5 Re8 14. Bxb4 Bf6 15. Rhe1 b6 16. Nb5 Rec8 17. g3 a6 18. Nc3 a5 19. Ba3 Be7 20. Bxe7 Nxe7
21. Rxe5 g6 22. Rxe7 Rd8 23. Rxc7
1-0

[Event "nurmalso  C50e ital hungary defence"]
[Site "SchemingMind.com"]
[Date "2017.08.11"]
[Round "-"]
[White "Pol MacGilla tSamhais"]
[Black "Wojtek26"]
[Result "0-1"]
[WhiteCountry "IRL"]
[BlackCountry "POL"]
[WhiteElo "1096"]
[WhiteRD "95"]
[BlackElo "1501"]
[BlackRD "54"]
[GameID "417261"]

1. e4 e5 2. Nf3 Nc6 3. Bc4 Be7 4. d4 exd4 5. c3 dxc3 6. Qd5 Nh6 7. Bxh6 O-O 8. Bxg7 Kxg7 9. Nxc3 d6 10. a3 Be6
11. Qd3 Na5 12. Ba2 Bxa2 13. Nxa2 Bf6 14. Rb1 Kh8 15. Qd5 Nc6 16. b4 a6 17. O-O Qe7 18. Rfe1 Rg8 19. g3 Qd7 20. Rbd1 Qg4
21. Rd3 Rae8 22. Nd2 Ne5 23. Rb3 Bg5 24. Nc3 Bxd2 25. Qxd2 Nf3+
0-1

[Event "nurmalso  C50e ital hungary defence"]
[Site "SchemingMind.com"]
[Date "2017.08.11"]
[Round "-"]
[White "Wojtek26"]
[Black "Pol MacGilla tSamhais"]
[Result "1-0"]
[WhiteCountry "POL"]
[BlackCountry "IRL"]
[WhiteElo "1501"]
[WhiteRD "54"]
[BlackElo "1096"]
[BlackRD "95"]
[GameID "417262"]

1. e4 e5 2. Nf3 Nc6 3. Bc4 Be7 4. O-O d6 5. Nc3 Bg4 6. h3 Bxf3 7. Qxf3 a6 8. a3 Nd4 9. Qd3 Nf6 10. Ne2 Nxe2+
11. Qxe2 O-O 12. d3 c6 13. b4 c5 14. bxc5 dxc5 15. Rb1 Qc7 16. Bg5 h6 17. Bh4 g5 18. Bg3 Rfd8 19. Bh2 Qa5 20. Rxb7 Bf8
21. Bxe5 Nd7 22. Bg3 Qxa3 23. Qg4 Qc3 24. Rxd7 Rxd7 25. Qxd7 a5 26. Qxf7+ Kh8 27. Qg8#
1-0

[Event "nurmalso  C50e ital hungary defence"]
[Site "SchemingMind.com"]
[Date "2017.09.24"]
[Round "-"]
[White "Scooter"]
[Black "DANDYLIONHONEYBADGER"]
[Result "1-0"]
[WhiteCountry "USA"]
[BlackCountry "USA"]
[WhiteElo "1685"]
[WhiteRD "55"]
[BlackElo "1269"]
[BlackRD "86"]
[GameID "418783"]

1. e4 e5 2. Nf3 Nc6 3. Bc4 Be7 4. O-O Nf6 5. d3 d6 6. Bg5 h6 7. Bxf6 gxf6 8. Nbd2 a6 9. c3 b5 10. Bd5 Bd7
11. Nb3 f5 12. exf5 Ra7 13. Bxc6 Bxc6 14. d4 Rg8 15. d5 Bb7 16. Qd3 f6 17. Na5 Qb8 18. Nc6 Bxc6 19. dxc6 Qb6 20. Qe4 h5
21. Nh4 Rg4 22. Qd5 Rxh4 23. Qg8+ Bf8 24. Qg6+ Ke7 25. Qh7+
1-0

[Event "nurmalso  C50e ital hungary defence"]
[Site "SchemingMind.com"]
[Date "2017.09.24"]
[Round "-"]
[White "DANDYLIONHONEYBADGER"]
[Black "Scooter"]
[Result "0-1"]
[WhiteCountry "USA"]
[BlackCountry "USA"]
[WhiteElo "1369"]
[WhiteRD "77"]
[BlackElo "1671"]
[BlackRD "51"]
[GameID "418784"]

1. e4 e5 2. Nf3 Nc6 3. Bc4 Be7 4. b3 Nf6 5. d4 exd4 6. Ng5 Ne5 7. Be2 h6 8. Nf3 Nxf3+ 9. gxf3 Bc5 10. c3 dxc3
11. Nxc3 O-O 12. Na4 Bb4+ 13. Bd2 Bxd2+ 14. Qxd2 d6 15. Rd1 Bd7 16. h3 Bxa4 17. bxa4 Qe8 18. a5 Qa4 19. O-O Rfe8 20. Kh2 Qd7
21. Rg1 Re5 22. Bc4 Rd8 23. f4 Rxe4 24. Rde1 Rxc4 25. Rc1 Rxc1 26. Qxc1 Ne4 27. Qe3 Qf5 28. f3 Nc5 29. Qe7 Qxf4+ 30. Rg3 Ne6
31. a3 Qd2+ 32. Rg2 Qxa5 33. Ra2 Qe5+ 34. Kg2 Nf4+
0-1

[Event "nurmalso  C50e ital hungary defence"]
[Site "SchemingMind.com"]
[Date "2017.09.24"]
[Round "-"]
[White "ray winteringham"]
[Black "DANDYLIONHONEYBADGER"]
[Result "1-0"]
[WhiteCountry "ENG"]
[BlackCountry "USA"]
[WhiteElo "1481"]
[WhiteRD "50"]
[BlackElo "1369"]
[BlackRD "77"]
[GameID "418785"]

1. e4 e5 2. Nf3 Nc6 3. Bc4 Be7 4. c3 Nf6 5. d3 d6 6. h3 Na5 7. Bb3 Nxb3 8. Qxb3 b6 9. Ng5 Be6 10. Nxe6 fxe6
11. Qxe6 Qd7 12. Qxd7+ Kxd7 13. Be3 h6 14. Nd2 c5 15. O-O d5 16. exd5 Nxd5 17. Nf3 Bf6 18. Nd2 Nxe3 19. fxe3 Rhf8 20. e4 b5
21. a3 Be7 22. b4 Rxf1+ 23. Rxf1 Bf6 24. Rb1 Bg5 25. Nf3 Be3+ 26. Kf1 Ke6 27. Ke2 Bf4 28. bxc5 a6 29. d4 exd4 30. cxd4 Rb8
31. d5+ Kf6 32. c6 Re8 33. Kd3 g5 34. Re1 a5 35. e5+ Ke7 36. d6+ Ke6 37. Rb1 Bxe5 38. Nxe5 Kxe5 39. Re1+
1-0

[Event "nurmalso  C50e ital hungary defence"]
[Site "SchemingMind.com"]
[Date "2017.09.24"]
[Round "-"]
[White "DANDYLIONHONEYBADGER"]
[Black "ray winteringham"]
[Result "1/2-1/2"]
[WhiteCountry "USA"]
[BlackCountry "ENG"]
[WhiteElo "1352"]
[WhiteRD "79"]
[BlackElo "1569"]
[BlackRD "50"]
[GameID "418786"]

1. e4 e5 2. Nf3 Nc6 3. Bc4 Be7 4. c3 Nf6 5. d3 h6 6. h3 a6 7. Be3 d6 8. b4 O-O 9. g4 Bxg4 10. hxg4 Nxg4
11. Bd2 Nf6 12. Rg1 Kh7 13. Rh1 Ng8 14. Qc1 Qc8 15. Ng5+ Bxg5 16. Bxg5 f5 17. Bxh6 Nxh6 18. Nd2 f4 19. Nf3 Qd8 20. Bd5 Rb8
21. a3 Rf6 22. Ng5+ Kg6 23. Nf3 Ne7 24. Nh4+ Kh7 25. Bc4 c6 26. a4 g5 27. Nf3 b5 28. Nxg5+ Kg6 29. Rg1 Qe8 30. Ne6+ Kh7
31. Ng5+ Kh8 32. Rh1 Qg6 33. Nf7+ Kg7 34. axb5 Nxf7 35. bxa6 Ra8 36. d4 Qxe4+ 37. Be2 Qxh1+ 38. Bf1 Qe4+ 39. Be2 f3 40. Qe3 Qxe3
41. fxe3 fxe2 42. Kxe2 Rh8 43. a7 Rh2+ 44. Kd3 Rh8 45. a8=Q Rxa8 46. Rxa8 Nd5 47. Ra7 Rf3 48. dxe5 Rxe3+ 49. Kc4 Rxc3+ 50. Kd4 dxe5+
51. Ke4 Rc4+ 52. Kf5 Rxb4 53. Ke6 Rb7 54. Rxb7 e4 55. Rxf7+ Kg6 56. Rf1 e3 57. Rg1+ Kh5 58. Kf5 Kh4 59. Kg6 e2 60. Kf5 Ne3+
61. Kf4 e1=Q 62. Rxe1 Ng2+ 63. Ke5 Nxe1 64. Kd6 Nd3=
1/2-1/2

[Event "nurmalso  C50e ital hungary defence"]
[Site "SchemingMind.com"]
[Date "2017.09.24"]
[Round "-"]
[White "Pol MacGilla tSamhais"]
[Black "DANDYLIONHONEYBADGER"]
[Result "0-1"]
[WhiteCountry "IRL"]
[BlackCountry "USA"]
[WhiteElo "1186"]
[WhiteRD "89"]
[BlackElo "1366"]
[BlackRD "71"]
[GameID "418787"]

1. e4 e5 2. Nf3 Nc6 3. Bc4 Be7 4. d3 Nf6 5. O-O Na5 6. b3 Nxc4 7. bxc4 b6 8. Bb2 d6 9. Nbd2 Bg4 10. h3 Bh5
11. d4 Bxf3 12. Qxf3 O-O 13. d5 a6 14. Nb3 g6 15. Bc1 Nh5 16. g4 Nf4 17. Bxf4 exf4 18. Qxf4 Bg5 19. Qg3 Re8 20. f3 Qf6
21. Rae1 Bh4 22. Qg2 a5 23. Rd1 Qf4 24. Nd4 Qe3+ 25. Kh1 Qa3 26. Ra1 Qc3 27. Rfd1 Qe3 28. Rf1 Qxd4 29. Qe2 a4 30. Rad1 Qb2
31. Rd2 Qe5 32. Rb1 Qg3 33. Rg1 Qf4 34. Rdd1 Bg3 35. Rg2 Re5 36. Qd3 f6 37. Re1 h5 38. Qc3 h4 39. Qe3 Qxe3 40. Rxe3 f5
41. gxf5 gxf5 42. Rg1 f4 43. Re2 a3 44. c3 Ra4 45. c5 bxc5 46. Rc2 c4 47. Rb2 Re8 48. Rb7 Rc8 49. Kg2 Kf8 50. Rbb1 Ke7
51. Rgd1 Raa8 52. Rb4 c5 53. Rb7+ Kd8 54. Rb6 Kc7 55. Rb4 cxb4
0-1

[Event "nurmalso  C50e ital hungary defence"]
[Site "SchemingMind.com"]
[Date "2017.09.24"]
[Round "-"]
[White "DANDYLIONHONEYBADGER"]
[Black "Pol MacGilla tSamhais"]
[Result "1-0"]
[WhiteCountry "USA"]
[BlackCountry "IRL"]
[WhiteElo "1350"]
[WhiteRD "80"]
[BlackElo "1093"]
[BlackRD "105"]
[GameID "418788"]

1. e4 e5 2. Nf3 Nc6 3. Bc4 Be7 4. Nc3 d6 5. Nd5 f5 6. Nxe7 Ncxe7 7. b3 f4 8. Bb2 Nf6 9. d4 Nxe4 10. dxe5 Nf5
11. Ng5 Nc5 12. Qd5 Ne7 13. Qf7+ Kd7 14. e6+ Kc6 15. b4 Rg8 16. bxc5 dxc5 17. Qxf4 a6 18. Nf7 Qe8 19. Qe4+ Kb6 20. a4 a5
21. Bb5 g6 22. Bxe8
1-0

[Event "nurmalso  C50e ital hungary defence"]
[Site "SchemingMind.com"]
[Date "2017.09.24"]
[Round "-"]
[White "frankly"]
[Black "DANDYLIONHONEYBADGER"]
[Result "1-0"]
[WhiteCountry "ENG"]
[BlackCountry "USA"]
[WhiteElo "2610"]
[WhiteRD "61"]
[BlackElo "1272"]
[BlackRD "81"]
[GameID "418789"]

1. e4 e5 2. Nf3 Nc6 3. Bc4 Be7 4. d4 Na5 5. Be2 b6 6. dxe5 Bb7 7. O-O h6 8. Nc3 d6 9. e6 fxe6 10. Nd4 Qd7
11. Bg4 Nf6 12. Bxe6 Qd8 13. Nd5 Nxd5 14. Qh5+ Kf8 15. Qf7#
1-0

[Event "nurmalso  C50e ital hungary defence"]
[Site "SchemingMind.com"]
[Date "2017.09.24"]
[Round "-"]
[White "DANDYLIONHONEYBADGER"]
[Black "frankly"]
[Result "0-1"]
[WhiteCountry "USA"]
[BlackCountry "ENG"]
[WhiteElo "1269"]
[WhiteRD "86"]
[BlackElo "2625"]
[BlackRD "62"]
[GameID "418790"]

1. e4 e5 2. Nf3 Nc6 3. Bc4 Be7 4. b3 Nf6 5. Nc3 d6 6. Ng5 O-O 7. O-O Nd4 8. Ne2 h6 9. Nf3 Nxf3+ 10. gxf3 Nh7
11. Ba3 Kh8 12. Ng3 f5 13. exf5 Bxf5 14. Nxf5 Rxf5 15. Be6 Rf4 16. Re1 Ng5 17. Bc4 Nxf3+ 18. Kf1 Nxe1 19. Qxe1 Bh4 20. Qe2 Qg5
21. c3 Bxf2 22. d4 Qg1#
0-1

[Event "nurmalso  C50e ital hungary defence"]
[Site "SchemingMind.com"]
[Date "2017.09.24"]
[Round "-"]
[White "DANDYLIONHONEYBADGER"]
[Black "Wojtek26"]
[Result "1-0"]
[WhiteCountry "USA"]
[BlackCountry "POL"]
[WhiteElo "1369"]
[WhiteRD "77"]
[BlackElo "1457"]
[BlackRD "52"]
[GameID "418791"]

1. e4 e5 2. Nf3 Nc6 3. Bc4 Be7 4. Nc3 Nf6 5. h3 O-O 6. a3 d6 7. O-O h6 8. d3 Nd4 9. Nxd4 exd4 10. Nd5 c5
11. Nxe7+ Qxe7 12. f3 Nh5 13. Qe1 Be6 14. Bxe6 fxe6 15. g4 Nf6 16. e5 dxe5 17. c3 Rac8 18. g5 hxg5 19. Bxg5 Qf7 20. h4 Nh7
21. Qg3 Nxg5 22. hxg5 Qf5 23. f4 exf4 24. Qg2 f3 25. Qg3 Qxd3 26. g6 Qe3+ 27. Rf2 d3 28. Qh3 Qh6 29. Qxe6+ Kh8 30. Rh2 f2+
31. Kg2 Qxh2+ 32. Kxh2 f1=Q 33. Rxf1
1-0

[Event "nurmalso  C50e ital hungary defence"]
[Site "SchemingMind.com"]
[Date "2017.09.24"]
[Round "-"]
[White "Wojtek26"]
[Black "DANDYLIONHONEYBADGER"]
[Result "1/2-1/2"]
[WhiteCountry "POL"]
[BlackCountry "USA"]
[WhiteElo "1425"]
[WhiteRD "58"]
[BlackElo "1350"]
[BlackRD "80"]
[GameID "418792"]

1. e4 e5 2. Nf3 Nc6 3. Bc4 Be7 4. O-O Nf6 5. Nc3 Na5 6. Nxe5 Nxc4 7. Nxc4 b6 8. d4 Ba6 9. a4 Bxc4 10. Re1 Bb4
11. Bd2 O-O 12. e5 Nd5 13. Nxd5 Bxd2 14. Qxd2 Bxd5 15. b3 Re8 16. Qf4 Re7 17. Re3 d6 18. exd6 Rxe3 19. dxc7 Qe7 20. fxe3 g5
21. Qg3 h6 22. c4 Bb7 23. d5 Qb4 24. e4 Qc5+ 25. Kh1 Qd4 26. Rf1 Qxe4 27. Qd6 Qe2 28. Qf6 Rf8 29. h3 Bc8 30. Rf2 Qd1+
31. Kh2 g4 32. Qxh6 g3+ 33. Kxg3 Qxb3+ 34. Kh2 Qxc4 35. Rf4 Qxc7 36. Qg5+ Kh8 37. Qh6+=
1/2-1/2

[Event "nurmalso  C50e ital hungary defence"]
[Site "SchemingMind.com"]
[Date "2017.09.29"]
[Round "-"]
[White "Scooter"]
[Black "Chessibelle"]
[Result "1-0"]
[WhiteCountry "USA"]
[BlackCountry "ENG"]
[WhiteElo "1667"]
[WhiteRD "56"]
[BlackElo "1098"]
[BlackRD "60"]
[GameID "419096"]

1. e4 e5 2. Nf3 Nc6 3. Bc4 Be7 4. O-O Bf6 5. d3 h6 6. Nc3 Nge7 7. Nd5 O-O 8. Nxe7+ Qxe7 9. Be3 Qd6 10. a3 b6
11. Qe2 Qe7 12. Rad1 d6 13. b4 Bg4 14. Bd5 Bd7 15. b5 Nd8 16. Bxa8 Bxb5 17. Bd5 c6 18. Bb3 Qd7 19. c4 Ba6 20. d4 Be7
21. dxe5 Nb7 22. exd6 Bxd6 23. e5 Qe6 24. exd6 Nxd6 25. Nd4 Qd7 26. Nf5 Qxf5 27. Rxd6 Qe5 28. Rxc6 Bb7 29. Rxh6 Qe4 30. f3 Qf5
31. Bc2 Qd7 32. Bh7+ Kh8 33. Bf5+ gxh6 34. Bxd7
1-0

[Event "nurmalso  C50e ital hungary defence"]
[Site "SchemingMind.com"]
[Date "2017.09.29"]
[Round "-"]
[White "Chessibelle"]
[Black "Scooter"]
[Result "0-1"]
[WhiteCountry "ENG"]
[BlackCountry "USA"]
[WhiteElo "1098"]
[WhiteRD "60"]
[BlackElo "1667"]
[BlackRD "56"]
[GameID "419097"]

1. e4 e5 2. Nf3 Nc6 3. Bc4 Be7 4. b3 d6 5. a3 Bg4 6. O-O Nd4 7. Be2 Bxf3 8. gxf3 Nf6 9. d3 O-O 10. Nd2 Nh5
11. f4 Nxf4 12. Bg4 Bh4 13. Qe1 Qg5 14. Qd1 h5 15. Bb2 hxg4 16. Re1 Nf3+ 17. Nxf3 gxf3+
0-1

[Event "nurmalso  C50e ital hungary defence"]
[Site "SchemingMind.com"]
[Date "2017.09.30"]
[Round "-"]
[White "ray winteringham"]
[Black "Chessibelle"]
[Result "1-0"]
[WhiteCountry "ENG"]
[BlackCountry "ENG"]
[WhiteElo "1535"]
[WhiteRD "53"]
[BlackElo "1098"]
[BlackRD "60"]
[GameID "419098"]

1. e4 e5 2. Nf3 Nc6 3. Bc4 Be7 4. d3 h6 5. Nc3 g5 6. Be3 Bf6 7. a3 Nge7 8. Qe2 O-O 9. O-O-O d6 10. Nd2 Bd7
11. Qh5 Ng6 12. Qxh6 a6 13. Nd5 Bg7 14. Qxg5 f6 15. Qxg6 Rf7 16. Nxc7 Rc8 17. Bxf7+ Kf8 18. Bb3 Qe7 19. Nd5 Qf7 20. Qxf7+ Kxf7
21. Nb6+ Kg6 22. Nxd7 Rd8 23. Nb6 a5 24. Be6 Kh5 25. g4+ Kh4 26. Nf3+ Kh3 27. Rhg1 Re8 28. Rg3#
1-0